100 aeroportos mais movimentados da Ásia - Statistics

Estatísticas Gerais
  • Esse quiz foi jogado 11 vezes
  • A pontuação média é 36 de 100
Estatísticas das Respostas
# Número de Passageiros País Cidade % Correto
31 37.200.000 Arábia Saudita Riade
100%
51 22.990.599 Coreia do Sul Seul-Gimpo
100%
6 71.156.947 Coreia do Sul Seul-Incheon
100%
2 85.500.000 Japão Tóquio-Haneda
100%
28 39.807.651 Japão Tóquio-Narita
100%
16 52.700.000 Catar Doha
91%
1 92.300.000 Emirados Árabes Unidos Dubai
91%
14 54.809.500 Indonésia Jacarta
91%
17 50.100.000 Filipinas Manila
91%
8 67.367.428 China Pequim-Capital
91%
18 49.441.029 China Pequim-Daxiang
91%
7 67.700.000 Singapura Singapura
91%
78 12.913.753 Turquia Ancara
82%
25 44.921.996 Taiwan Taipé
82%
69 14.931.796 (2019) Irã Teerã-Mehrabad
82%
22 47.944.067 China Xangai-Hongqiao
82%
4 76.787.039 China Xangai-Pudong
82%
40 29.400.000 Emirados Árabes Unidos Abu Dhabi
73%
88 10.900.000 Arábia Saudita Damã / Meca
73%
3 79.259.890 Índia Delhi
73%
38 30.000.000 Vietnã Hanói
73%
15 53.100.000 China Hong Kong
73%
27 41.449.044 Turquia Istambul-Sabiha Gökçen
73%
11 57.044.869 Malásia Kuala Lumpur
73%
37 30.490.635 Tailândia Bangkok-Don Mueang
64%
10 59.999.324 Tailândia Bangkok-Suvarnabhumi
64%
5 76.364.767 China Guangzhou
64%
65 15.616.800 Kuwait Kuwait
64%
12 55.122.422 Índia Mumbai
64%
68 15.157.501 Japão Osaka-Itami
64%
36 30.643.513 Japão Osaka-Kansai
64%
56 21.088.237 (2023) Israel Tel Aviv
64%
54 21.831.118 Índia Calcutá
55%
94 9.482.788 Nepal Kathmandu
55%
93 9.578.797 (2019) Bahrein Bahrein / Muharraq
45%
26 41.875.620 Índia Bangalore
45%
79 12.900.000 Omã Mascate
45%
100 8.716.526 Uzbequistão Tashkent
45%
52 22.411.290 Índia Chennai
36%
96 9.182.369 Japão Nagóia
36%
9 61.477.337 China Shenzhen
36%
24 47.030.407 China Xian
36%
13 54.905.784 China Chengdu
27%
32 32.430.354 China Chengdu
27%
29 39.800.000 Vietnã Cidade de Ho Chi Minh
27%
99 8.804.019 Sri Lanka Colombo-Bandaranaike
27%
46 26.800.000 Japão Fukuoka
27%
41 29.165.232 Índia Hyderabad
27%
19 49.100.000 Arábia Saudita Jedá
27%
57 20.063.745 China Tianjin
27%
33 31.406.186 China Wuhan
27%
83 11.426.650 Cazaquistão Almaty
18%
30 38.133.273 Turquia Antalya
18%
64 15.752.458 Coreia do Sul Busan
18%
20 48.676.973 China Chongqing
18%
59 19.288.910 China Dalian
18%
21 48.053.915 China Hangzhou
18%
39 29.619.606 Coreia do Sul Jeju
18%
35 31.179.654 China Nanquim
18%
91 10.457.694 Índia Pune
18%
72 14.010.882 (2023) Indonésia Surabaya
18%
75 13.427.697 Índia Ahmedabad
9%
84 11.327.070 Filipinas Cebu
9%
34 31.218.109 China Changsha
9%
66 15.543.498 (2019) Vietnã Da Nang
9%
48 23.900.000 Indonésia Denpasar
9%
49 23.797.643 China Harbin
9%
81 12.481.354 China Hefei
9%
82 11.507.296 Turquia Izmir
9%
23 47.178.347 China Kunming
9%
73 14.005.332 China Nanning
9%
92 9.747.172 (2019) Vietnã Nha Trang
9%
95 9.299.000 Rússia Novosibirsk
9%
61 17.215.315 Tailândia Phuket
9%
47 26.180.661 China Qingdao
9%
55 21.425.941 China Sanya
9%
50 23.744.323 China Shenyang
9%
44 27.765.723 China Urumqi
9%
43 27.906.964 China Xiamen
9%
42 28.510.891 China Zhengzhou
9%
60 17.607.456 China Changchun
0%
67 15.299.802 China Fuzhou
0%
53 22.313.353 China Guiyang
0%
45 26.890.365 China Haikou
0%
76 13.166.230 China Hohhot
0%
58 20.012.106 China Jinan
0%
87 11.140.778 Índia Kochi
0%
63 17.000.963 China Lanzhou
0%
74 13.765.285 Japão Naha
0%
86 11.267.923 China Nanchang
0%
71 14.733.364 China Ningbo
0%
98 8.842.486 China Quanzhou
0%
85 11.314.852 China Shijiazhuang
0%
70 14.775.147 China Taiyuan
0%
89 10.517.586 (2023) Indonésia Ujung Pandang / Makassar
0%
80 12.532.569 China Wenzhou
0%
90 10.504.277 China Wuxi
0%
62 17.101.725 Emirados Árabes Unidos Xarja
0%
97 8.982.751 China Yinchuan
0%
77 12.970.873 China Zhuhai
0%
Nenhum quiz correspondente encontrado
Distribuição das Pontuações
Porcentagem de Pessoas com Cada Pontuação
Percentil de Números Respondidos
Sua Pontuação Histórica
Você não jogou esse quiz